<?xml version="1.0" encoding="UTF-8"?>
<record
    xmlns:xsi="http://www.w3.org/2001/XMLSchema-instance"
    xsi:schemaLocation="http://www.loc.gov/MARC21/slim http://www.loc.gov/standards/marcxml/schema/MARC21slim.xsd"
    xmlns="http://www.loc.gov/MARC21/slim">

  <leader>01054nam a22002417a 4500</leader>
  <controlfield tag="005">2010083008028.0</controlfield>
  <datafield tag="010" ind1=" " ind2=" ">
    <subfield code="a">MAR-20220</subfield>
  </datafield>
  <datafield tag="020" ind1=" " ind2=" ">
    <subfield code="c">100.00</subfield>
  </datafield>
  <datafield tag="035" ind1=" " ind2=" ">
    <subfield code="a">MR-12878</subfield>
  </datafield>
  <datafield tag="037" ind1=" " ind2=" ">
    <subfield code="b">DBAD / PUB</subfield>
  </datafield>
  <datafield tag="082" ind1=" " ind2=" ">
    <subfield code="a">891.461</subfield>
  </datafield>
  <datafield tag="100" ind1=" " ind2=" ">
    <subfield code="a">&#x92A;&#x93E;&#x935;&#x938;&#x915;&#x930;, &#x930;&#x93E;&#x92E;&#x915;&#x932;&#x940;</subfield>
    <subfield code="9">18279</subfield>
  </datafield>
  <datafield tag="245" ind1=" " ind2=" ">
    <subfield code="a">&#x913;&#x932;&#x947; &#x905;&#x925;&#x93E;&#x902;&#x917; &#x936;&#x94D;&#x935;&#x93E;&#x938; /</subfield>
    <subfield code="c">&#x930;&#x93E;&#x92E;&#x915;&#x932;&#x940; &#x92A;&#x93E;&#x935;&#x938;&#x915;&#x930;</subfield>
  </datafield>
  <datafield tag="246" ind1=" " ind2=" ">
    <subfield code="a">Olle Athang Shawas</subfield>
    <subfield code="b">by Ramkali Pawaskar</subfield>
  </datafield>
  <datafield tag="260" ind1=" " ind2=" ">
    <subfield code="a">&#x936;&#x94D;&#x930;&#x940;&#x930;&#x93E;&#x92E;&#x92A;&#x941;&#x930;</subfield>
    <subfield code="b">&#x936;&#x92C;&#x94D;&#x926;&#x93E;&#x932;&#x92F; &#x92A;&#x94D;&#x930;&#x915;&#x93E;&#x936;&#x928;</subfield>
    <subfield code="c">2009</subfield>
  </datafield>
  <datafield tag="270" ind1=" " ind2=" ">
    <subfield code="a">&#x92A;&#x94B;&#x938;&#x94D;&#x91F; &#x92C;&#x949;&#x915;&#x94D;&#x938; &#x928;&#x902; 90, &#x935;&#x93E;&#x930;&#x94D;&#x921; 7, </subfield>
    <subfield code="b">&#x936;&#x94D;&#x930;&#x940;&#x930;&#x93E;&#x92E;&#x92A;&#x941;&#x930;</subfield>
    <subfield code="e">413709</subfield>
  </datafield>
  <datafield tag="300" ind1=" " ind2=" ">
    <subfield code="a">104&#x92A;&#x943;</subfield>
    <subfield code="c">21&#x938;&#x947;&#x92E;&#x940; (&#x905;&#x91C;&#x93F;&#x932;&#x94D;&#x926;)</subfield>
  </datafield>
  <datafield tag="650" ind1=" " ind2=" ">
    <subfield code="a">&#x92E;&#x930;&#x93E;&#x920;&#x940; &#x915;&#x935;&#x93F;&#x924;&#x93E;</subfield>
    <subfield code="9">18280</subfield>
  </datafield>
  <datafield tag="650" ind1=" " ind2=" ">
    <subfield code="a">Marathi Poetry</subfield>
    <subfield code="9">18281</subfield>
  </datafield>
  <datafield tag="700" ind1=" " ind2=" ">
    <subfield code="9">17934</subfield>
  </datafield>
  <datafield tag="942" ind1=" " ind2=" ">
    <subfield code="2">ddc</subfield>
    <subfield code="c">MR</subfield>
    <subfield code="m">&#x92A;&#x93E;&#x935;&#x938;</subfield>
    <subfield code="h">891.461</subfield>
  </datafield>
  <datafield tag="999" ind1=" " ind2=" ">
    <subfield code="c">43587</subfield>
    <subfield code="d">43587</subfield>
  </datafield>
  <datafield tag="952" ind1=" " ind2=" ">
    <subfield code="0">0</subfield>
    <subfield code="1">0</subfield>
    <subfield code="4">0</subfield>
    <subfield code="7">1</subfield>
    <subfield code="8">NFIC</subfield>
    <subfield code="a">DBAD</subfield>
    <subfield code="b">DBAD</subfield>
    <subfield code="d">2010-09-03</subfield>
    <subfield code="e">DBAD / PUB</subfield>
    <subfield code="g">100.00</subfield>
    <subfield code="l">0</subfield>
    <subfield code="o">891.461 &#x92A;&#x93E;&#x935;&#x938;</subfield>
    <subfield code="p">MR-12878</subfield>
    <subfield code="r">2010-09-03 00:00:00</subfield>
    <subfield code="t">1</subfield>
    <subfield code="v">100.00</subfield>
    <subfield code="w">2010-09-03</subfield>
    <subfield code="y">MR</subfield>
  </datafield>
</record>
